Selección Española de Futbol Eurocopa 2024 - Estadísticas

Estadísticas generales
  • Esta prueba ha sido intentada 166 veces
  • La puntuación promedio es 10 de 26
Estadísticas de respuestas
Hint Respuesta % Correcto
23 Unai Simón
91%
1 David Raya
74%
19 Lamine Yamal
74%
20 Pedri
70%
2 Dani Carvajal
69%
17 Nico Williams
62%
7 Álvaro Morata
49%
10 Dani Olmo
46%
13 Álex Remiro
45%
24 Marc Cucurella
40%
3 Robin Le Normand
40%
8 Fabián Ruiz
34%
11 Ferrán Torres
34%
6 Mikel Merino
33%
21 Mikel Oyarzabal
33%
14 Aymeric Laporte
32%
16 Rodrigo Hernández
26%
12 Alejandro Grimaldo
25%
22 Jesús Navas
24%
4 Nacho Fernández
24%
15 Álex Baena
23%
25 Fermín Lopéz
23%
5 Dani Vivian
22%
18 Martín Zubimendi
18%
26 Ayoze Pérez
13%
9 Joselu Mato
9%
No se encontraron pruebas coincidentes
Distribución de puntuación
Porcentaje de gente con cada puntuación
Porcentaje por número respondido
Historial de tus puntuaciones
No has intentado esta prueba.